[Event "GER-chT Nord-West U20 1112"]
[Site "Germany"]
[Date "2012.01.21"]
[Round "3"]
[White "Boehme, Lasse"]
[Black "Schloesser, Simon"]
[Result "1/2-1/2"]
[WhiteElo "1786"]
[BlackElo "1793"]
[PlyCount "61"]
[EventDate "2011.09.24"]
[EventType "team-tourn"]
[EventRounds "9"]
[EventCountry "GER"]
[SourceTitle "EXT 2015"]
[Source "ChessBase"]
[SourceDate "2014.11.20"]
[SourceVersion "1"]
[SourceVersionDate "2014.11.20"]
[SourceQuality "1"]

1. d4 Nf6 2. c4 g6 3. Nc3 d5 4. Nf3 Bg7 5. Bf4 c6 6. e3 0-0 7. Bd3 Nbd7 8. cxd5 Nxd5 9. Nxd5 cxd5 10. 0-0 Nf6 11. Rc1 Qb6 12. Qd2 Bg4 13. Bc7 Qe6 14. Ne5 Bf5 15. Bxf5 Qxf5 16. Qb4 Nd7 17. Qxe7 Bxe5 18. Bxe5 Rfe8 19. Qd6 Nxe5 20. dxe5 Rxe5 21. Rfd1 Qh5 22. Rd2 b6 23. Rd4 Rg5 24. h4 Rg4 25. Rxg4 Qxg4 26. Qxd5 Rc8 27. Rxc8+ Qxc8 28. Qd2 h6 29. h5 gxh5 30. a3 Qc7 31. Kh1 1/2-1/2

[Event "Schleswig Holstein-ch U14"]
[Site "Neumuenster"]
[Date "2011.04.26"]
[Round "2"]
[White "Krause, Benedict"]
[Black "Schloesser, Simon"]
[Result "1-0"]
[WhiteElo "1746"]
[BlackElo "1556"]
[PlyCount "55"]
[EventDate "2011.04.25"]
[EventType "tourn"]
[EventRounds "9"]
[EventCountry "GER"]
[SourceTitle "EXT 2023"]
[Source "ChessBase"]
[SourceDate "2022.10.05"]
[SourceVersion "1"]
[SourceVersionDate "2022.10.05"]
[SourceQuality "1"]

1. e4 e6 2. Qe2 Nf6 3. Nf3 d5 4. d3 b6 5. e5 Nfd7 6. g3 c5 7. Bg2 Nc6 8. 0-0 Be7 9. h4 0-0 10. c4 Rb8 11. cxd5 exd5 12. e6 Nf6 13. exf7+ Rxf7 14. Ng5 Nd4 15. Qe5 Ba6 16. Nxf7 Kxf7 17. Bf4 Rc8 18. Nc3 Bxd3 19. Rfe1 Nc2 20. Qe6+ Kf8 21. Nxd5 Nxe1 22. Rxe1 Ng8 23. Nxe7 Nxe7 24. Bd6 Rc7 25. Bd5 Ke8 26. Bxc7 Qxc7 27. Qf7+ Kd8 28. Qf8+ 1-0

[Event "Lippe Cup-B 07th"]
[Site "Lieme"]
[Date "2010.10.17"]
[Round "4"]
[White "Schloesser, Simon"]
[Black "Masalsky, Boris"]
[Result "0-1"]
[WhiteElo "1584"]
[BlackElo "1425"]
[PlyCount "51"]
[EventDate "2010.10.15"]
[EventType "swiss"]
[EventRounds "5"]
[EventCountry "GER"]
[SourceTitle "EXT 2012"]
[Source "ChessBase"]
[SourceDate "2011.11.24"]
[SourceVersion "1"]
[SourceVersionDate "2011.11.24"]
[SourceQuality "1"]

1. e4 c5 2. Nf3 Nc6 3. d4 cxd4 4. Nxd4 g6 5. Nc3 Bg7 6. Be3 Nf6 7. Bc4 d6 8. 0-0 Ng4 9. Nxc6 bxc6 10. Bf4 Ne5 11. Bxe5 Bxe5 12. Kh1 Rb8 13. Rb1 Qc7 14. f4 Bg7 15. f5 Be5 16. fxg6 hxg6 17. Bxf7+ Kd8 18. h3 Bxh3 19. gxh3 Rxh3+ 20. Kg1 Qb6+ 21. Kg2 Rg3+ 22. Kh1 Kc7 23. Bxg6 Rh8+ 24. Bh5 Rh3+ 25. Kg2 R8xh5 26. Rh1 0-1

[Event "Lippe Cup-B 07th"]
[Site "Lieme"]
[Date "2010.10.16"]
[Round "3"]
[White "Bringer, Lukas"]
[Black "Schloesser, Simon"]
[Result "1/2-1/2"]
[WhiteElo "1445"]
[BlackElo "1584"]
[PlyCount "30"]
[EventDate "2010.10.15"]
[EventType "swiss"]
[EventRounds "5"]
[EventCountry "GER"]
[SourceTitle "EXT 2012"]
[Source "ChessBase"]
[SourceDate "2011.11.24"]
[SourceVersion "1"]
[SourceVersionDate "2011.11.24"]
[SourceQuality "1"]

1. c4 e5 2. Nc3 Nc6 3. Nf3 Nf6 4. d4 exd4 5. Nxd4 Be7 6. Bf4 0-0 7. e3 d6 8. Be2 Bd7 9. 0-0 Re8 10. Bf3 Rb8 11. a3 a5 12. Qd2 Bf8 13. Nce2 Nxd4 14. Nxd4 a4 15. Rfb1 c5 1/2-1/2

[Event "Schleswig Holstein-ch U14 M"]
[Site "Neumuenster"]
[Date "2010.04.05"]
[Round "1"]
[White "Schloesser, Simon"]
[Black "Krause, Benedict"]
[Result "0-1"]
[WhiteElo "1638"]
[BlackElo "1643"]
[PlyCount "82"]
[EventDate "2010.04.05"]
[EventType "tourn"]
[EventRounds "9"]
[EventCountry "GER"]
[SourceTitle "EXT 2023"]
[Source "ChessBase"]
[SourceDate "2022.10.05"]
[SourceVersion "1"]
[SourceVersionDate "2022.10.05"]
[SourceQuality "1"]

1. e4 c5 2. Nc3 Nc6 3. g3 g6 4. Bg2 Bg7 5. f4 e6 6. Nf3 d6 7. 0-0 Nge7 8. d3 0-0 9. Be3 Nd4 10. Rb1 Qa5 11. Qd2 Nec6 12. a3 Bd7 13. Rf2 Rfd8 14. Na2 Nxf3+ 15. Bxf3 Qxd2 16. Rxd2 Nd4 17. Bg2 Bb5 18. c4 Bc6 19. b4 b6 20. b5 Bb7 21. g4 Rd7 22. Rf2 f5 23. exf5 exf5 24. gxf5 Nxf5 25. Bxb7 Rxb7 26. Bd2 Bd4 27. Nc3 Bxf2+ 28. Kxf2 Rd8 29. Ne4 h6 30. Rg1 Kf7 31. Nc3 Ne7 32. Nd5 Nxd5 33. cxd5 Re7 34. Kf3 Rde8 35. Rg2 Kf6 36. Bc3+ Kf5 37. Bd2 c4 38. dxc4 Re4 39. Bc1 Rxc4 40. Bb2 Rxf4+ 41. Kg3 Re3# 0-1